Aspectos de la formación y del conocimiento de la seguridad en los centros educativos: un estudio empírico = Aspects of the training and khowledge of the security in the educational centre, an empiric study /
Enregistré dans:
| Auteur principal: | |
|---|---|
| Autres auteurs: | |
| Format: | Texte |
| Tags: |
Ajouter un tag
Pas de tags, Soyez le premier à ajouter un tag!
|
MARC
| LEADER | 00000 a a2200000 04500 | ||
|---|---|---|---|
| 001 | 47902 | ||
| 003 | |||
| 040 | |||
| 100 | |a Briones Peñalver, Antonio Juan | ||
| 245 | |a Aspectos de la formación y del conocimiento de la seguridad en los centros educativos: un estudio empírico = |b Aspects of the training and khowledge of the security in the educational centre, an empiric study / |c Antonio Juan Briones Peñalver, Serafín Piñeiro Rodríguez | ||
| 700 | |a Piñeiro Rodríguez, Serafín | ||
| 773 | |g volumen10, número10, (2013), páginas 13-32 | ||
| 999 | |c 19835 |d 19835 | ||
